| 000 | 00909nam a22002297a 4500 | ||
|---|---|---|---|
| 008 | 170506s1998 sp||||| |||| 00| 0 spa d | ||
| 082 | 0 | 4 |
_a708 _bN798i |
| 100 | 1 |
_aNolte, Nina. _95790 |
|
| 245 | 1 | 0 | _aNina Nolte |
| 250 | _a1a ed. | ||
| 260 |
_aMálaga, España : _bDiputación de Málaga Área de Cultura y Educación, _c1998. |
||
| 300 | _a53 p. | ||
| 500 | _aCatálogo publicado con motivo a la exposición "Nina Nolte", presentada de febrero a junio de 1998 en los municipios: -Fuengirola, del 24 de febrero al 9 de marzo -Antequera, del 15 de abril al 6 de mayo, -Pizarra, del 13 al 29 de mayo -Casabermeja, del 4 al 25 de junio. | ||
| 653 | 1 | 0 | _aArte contemporáneo |
| 653 | 1 | 0 | _aCatálogo de exhibición |
| 653 | 1 | 0 | _aExhibición itinerante |
| 653 | 1 | 0 | _aArte - Salvador |
| 653 | 1 | 0 | _aArte - España |
| 653 | 1 | 0 | _aArtistas salvadoreñas |
| 653 | 1 | 0 | _aPintura acrílica |
| 653 | 1 | 0 | _aPintores |
| 999 |
_c1181 _d1181 |
||